People raising : (Record no. 2453)

MARC details
000 -LEADER
fixed length control field 01254cam a2200325 a 4500
001 - CONTROL NUMBER
control field 657108
003 - CONTROL NUMBER IDENTIFIER
control field GBCCL
005 - DATE AND TIME OF LATEST TRANSACTION
control field 20241126110429.0
008 - FIXED-LENGTH DATA ELEMENTS--GENERAL INFORMATION
fixed length control field 940125s1993 ilu b 000 0 eng d
010 ## -
-- 94109218
020 ## - INTERNATIONAL STANDARD BOOK NUMBER
International Standard Book Number 0802464475
035 ## - SYSTEM CONTROL NUMBER
System control number (OCoLC)29192636
040 ## - CATALOGING SOURCE
Original cataloging agency TxCc
Transcribing agency TxCc
Modifying agency KMA
-- DLC
042 ## -
-- lccopycat
050 00 -
-- BV772.5
-- .D55 1993
082 00 - DEWEY DECIMAL CLASSIFICATION NUMBER
Classification number 254.8
Edition information 20
Item number DIL
100 1# - MAIN ENTRY--PERSONAL NAME
Personal name Dillon, William P.
Fuller form of name (William Paul)
9 (RLIN) 5084
245 10 - TITLE STATEMENT
Title People raising :
Remainder of title a practical guide to raising support /
Statement of responsibility, etc. by William P. Dillon.
260 ## - PUBLICATION, DISTRIBUTION, ETC.
Place of publication, distribution, etc. Chicago :
Name of publisher, distributor, etc. Moody Press,
Date of publication, distribution, etc. c1993.
300 ## - PHYSICAL DESCRIPTION
Extent 255 p. ;
Dimensions 26 cm.
504 ## - BIBLIOGRAPHY, ETC. NOTE
Bibliography, etc. note Includes bibliographical references (p. 249-253).
650 #0 - SUBJECT ADDED ENTRY--TOPICAL TERM
Topical term or geographic name entry element Church fund raising.
9 (RLIN) 2310
650 #0 - SUBJECT ADDED ENTRY--TOPICAL TERM
Topical term or geographic name entry element Missions
General subdivision Finance.
9 (RLIN) 3556
856 42 - ELECTRONIC LOCATION AND ACCESS
Materials specified Publisher description
Uniform Resource Identifier <a href="http://www.loc.gov/catdir/enhancements/fy0609/94109218-d.html">http://www.loc.gov/catdir/enhancements/fy0609/94109218-d.html</a>
856 42 - ELECTRONIC LOCATION AND ACCESS
Materials specified Contributor biographical information
Uniform Resource Identifier <a href="http://www.loc.gov/catdir/enhancements/fy1202/94109218-b.html">http://www.loc.gov/catdir/enhancements/fy1202/94109218-b.html</a>
856 41 - ELECTRONIC LOCATION AND ACCESS
Materials specified Table of contents only
Uniform Resource Identifier <a href="http://www.loc.gov/catdir/enhancements/fy1202/94109218-t.html">http://www.loc.gov/catdir/enhancements/fy1202/94109218-t.html</a>
906 ## - LOCAL DATA ELEMENT F, LDF (RLIN)
a 7
b cbc
c copycat
d 2
e ncip
f 19
g y-gencatlg
942 ## - ADDED ENTRY ELEMENTS (KOHA)
Source of classification or shelving scheme Dewey Decimal Classification
Koha item type Books
Holdings
Withdrawn status Lost status Source of classification or shelving scheme Damaged status Not for loan Home library Current Library Shelving location Date acquired Total checkouts Full call number Barcode Date last seen Copy number Price effective from Koha item type
    Dewey Decimal Classification     GRACE BIBLE COLLEGE GRACE BIBLE COLLEGE Ministry & Mission 2017-08-14   254.8 DIL 005828 2025-05-01 c.1 2017-08-14 Books
© Grace Bible College Library 2025